<?xml version="1.0" encoding="UTF-8"?>
<collection xmlns="http://www.loc.gov/MARC21/slim">
<record>
  <controlfield tag="001">131184</controlfield>
  <controlfield tag="005">20240219135521.0</controlfield>
  <datafield tag="024" ind1="7" ind2=" ">
    <subfield code="2">doi</subfield>
    <subfield code="a">10.1097/MRR.0000000000000185</subfield>
  </datafield>
  <datafield tag="024" ind1="8" ind2=" ">
    <subfield code="2">sideral</subfield>
    <subfield code="a">119995</subfield>
  </datafield>
  <datafield tag="037" ind1=" " ind2=" ">
    <subfield code="a">ART-2016-119995</subfield>
  </datafield>
  <datafield tag="041" ind1=" " ind2=" ">
    <subfield code="a">eng</subfield>
  </datafield>
  <datafield tag="100" ind1=" " ind2=" ">
    <subfield code="a">Calvo, Sandra</subfield>
    <subfield code="0">(orcid)0000-0002-1674-7788</subfield>
  </datafield>
  <datafield tag="245" ind1=" " ind2=" ">
    <subfield code="a">Effects of dry needling (DNHS technique) on the contractile properties of spastic muscles in a patient with stroke: a case report</subfield>
  </datafield>
  <datafield tag="260" ind1=" " ind2=" ">
    <subfield code="c">2016</subfield>
  </datafield>
  <datafield tag="506" ind1="0" ind2=" ">
    <subfield code="a">Access copy available to the general public</subfield>
    <subfield code="f">Unrestricted</subfield>
  </datafield>
  <datafield tag="520" ind1="3" ind2=" ">
    <subfield code="a">Dry needling for hypertonia and spasticity (DNHS) is a technique used for decreasing hypertonia and spasticity and for the improvement of function in patients with damage to the central nervous system. There is limited evidence supporting the effectiveness of this technique on the basis of objective assessments. The aim of the present case report was to quantify the effects of dry needling (DNHS technique) on the contractile properties of spastic muscles in an individual with stroke. The DNHS technique was applied to a 50-year-old male 2.5 years after stroke who had a complaint of spasticity. The treated muscles were biceps brachii, triceps brachii, rectus femoris, semitendinosus, biceps femoris, medial gastrocnemius, and lateral gastrocnemius. Tensiomyography was used to assess maximal displacement (Dm) of treated muscles. We performed a preintervention and postintervention measurement and a follow-up measurement 3 weeks after intervention. After the application of the DNHS technique, a decrease in the level of local muscle stiffness was observed for all muscles after intervention and at the 3-week follow-up, quantified by an increase in Dm. The usefulness of tensiomyography for detecting changes in patients with spasticity correlated with clinical measures in this field requires further research to establish the reliability of the different parameters provided by the equipment.</subfield>
  </datafield>
  <datafield tag="540" ind1=" " ind2=" ">
    <subfield code="9">info:eu-repo/semantics/openAccess</subfield>
    <subfield code="a">All rights reserved</subfield>
    <subfield code="u">http://www.europeana.eu/rights/rr-f/</subfield>
  </datafield>
  <datafield tag="590" ind1=" " ind2=" ">
    <subfield code="a">1.259</subfield>
    <subfield code="b">2016</subfield>
  </datafield>
  <datafield tag="591" ind1=" " ind2=" ">
    <subfield code="a">REHABILITATION</subfield>
    <subfield code="b">30 / 70 = 0.429</subfield>
    <subfield code="c">2016</subfield>
    <subfield code="d">Q2</subfield>
    <subfield code="e">T2</subfield>
  </datafield>
  <datafield tag="591" ind1=" " ind2=" ">
    <subfield code="a">REHABILITATION</subfield>
    <subfield code="b">38 / 65 = 0.585</subfield>
    <subfield code="c">2016</subfield>
    <subfield code="d">Q3</subfield>
    <subfield code="e">T2</subfield>
  </datafield>
  <datafield tag="592" ind1=" " ind2=" ">
    <subfield code="a">0.64</subfield>
    <subfield code="b">2016</subfield>
  </datafield>
  <datafield tag="593" ind1=" " ind2=" ">
    <subfield code="a">Medicine (miscellaneous)</subfield>
    <subfield code="c">2016</subfield>
    <subfield code="d">Q2</subfield>
  </datafield>
  <datafield tag="593" ind1=" " ind2=" ">
    <subfield code="a">Rehabilitation</subfield>
    <subfield code="c">2016</subfield>
    <subfield code="d">Q2</subfield>
  </datafield>
  <datafield tag="593" ind1=" " ind2=" ">
    <subfield code="a">Physical Therapy, Sports Therapy and Rehabilitation</subfield>
    <subfield code="c">2016</subfield>
    <subfield code="d">Q2</subfield>
  </datafield>
  <datafield tag="655" ind1=" " ind2="4">
    <subfield code="a">info:eu-repo/semantics/article</subfield>
    <subfield code="v">info:eu-repo/semantics/acceptedVersion</subfield>
  </datafield>
  <datafield tag="700" ind1=" " ind2=" ">
    <subfield code="a">Quintero, Isabel</subfield>
  </datafield>
  <datafield tag="700" ind1=" " ind2=" ">
    <subfield code="a">Herrero, Pablo</subfield>
    <subfield code="0">(orcid)0000-0002-9201-0120</subfield>
  </datafield>
  <datafield tag="773" ind1=" " ind2=" ">
    <subfield code="g">39, 4 (2016), 372-376</subfield>
    <subfield code="p">Int. j. rehabil. res.</subfield>
    <subfield code="t">INTERNATIONAL JOURNAL OF REHABILITATION RESEARCH</subfield>
    <subfield code="x">0342-5282</subfield>
  </datafield>
  <datafield tag="856" ind1="4" ind2=" ">
    <subfield code="s">150147</subfield>
    <subfield code="u">http://zaguan.unizar.es/record/131184/files/texto_completo.pdf</subfield>
    <subfield code="y">Versión publicada</subfield>
  </datafield>
  <datafield tag="856" ind1="4" ind2=" ">
    <subfield code="s">2961075</subfield>
    <subfield code="u">http://zaguan.unizar.es/record/131184/files/texto_completo.jpg?subformat=icon</subfield>
    <subfield code="x">icon</subfield>
    <subfield code="y">Versión publicada</subfield>
  </datafield>
  <datafield tag="909" ind1="C" ind2="O">
    <subfield code="o">oai:zaguan.unizar.es:131184</subfield>
    <subfield code="p">articulos</subfield>
    <subfield code="p">driver</subfield>
  </datafield>
  <datafield tag="951" ind1=" " ind2=" ">
    <subfield code="a">2024-02-19-13:51:34</subfield>
  </datafield>
  <datafield tag="980" ind1=" " ind2=" ">
    <subfield code="a">ARTICLE</subfield>
  </datafield>
</record>
</collection>